000 00931nam a2200265Ia 4500
003 GCL
008 140319s9999 xx 000 0 ara d
020 _a9005868977
040 _aGCL /
_cGCL
082 0 4 _a239
_bا س
100 1 _aمحمد عنانى
245 1 0 _aسيرة النبى محمد /
_cمحمد عنانى
700 1 _aارمسترونغ ، كارين
700 1 _aفاطمة نصر
250 _aالثانية
260 _aالقاهرة :
_bهاربر كولينس ،
_c1998
300 _a414 ص ؛
_c24 سم
650 0 4 _aالسيرة النبوية
650 0 4 _aالسيرة النبوية - الوفاة
650 0 4 _aالسيرة النبوية- الاوصاف
650 0 4 _aالسيرة النبوية- نزول الوحى
650 0 4 _aالسيرة النبوية- ما بعد فتح مكة
650 0 4 _aالسيرة النبوية- الهجرة الى المدينة
942 _2ddc
_cBK
999 _c7656
_d7656